<?xml version="1.0" encoding="UTF-8"?>
<collection xmlns="http://www.loc.gov/MARC21/slim">
 <record>
  <leader>03093nam a2200421 i 4500</leader>
  <controlfield tag="001">elibro.ELB195040</controlfield>
  <controlfield tag="003">FINmELB</controlfield>
  <controlfield tag="005">20220328121057.0</controlfield>
  <controlfield tag="006">m     o  u        </controlfield>
  <controlfield tag="007">cr cn|||||||||</controlfield>
  <controlfield tag="008">220328s2019    mx a   fob    000 0dspa d</controlfield>
  <datafield tag="020" ind1=" " ind2=" ">
   <subfield code="a">978-607-628-881-8</subfield>
   <subfield code="q">(versión electrónica)</subfield>
  </datafield>
  <datafield tag="020" ind1=" " ind2=" ">
   <subfield code="z">978-607-628-384-4</subfield>
   <subfield code="q">(versión impresa)</subfield>
  </datafield>
  <datafield tag="035" ind1=" " ind2=" ">
   <subfield code="a">(OCoLC)1311929342</subfield>
  </datafield>
  <datafield tag="040" ind1=" " ind2=" ">
   <subfield code="a">FINmELB</subfield>
   <subfield code="b">spa</subfield>
   <subfield code="e">rda</subfield>
   <subfield code="c">FINmELB</subfield>
  </datafield>
  <datafield tag="050" ind1=" " ind2="4">
   <subfield code="a">PQ6353</subfield>
   <subfield code="b">.R436 2019</subfield>
  </datafield>
  <datafield tag="082" ind1="0" ind2="4">
   <subfield code="a">863.3</subfield>
   <subfield code="2">23</subfield>
  </datafield>
  <datafield tag="245" ind1="0" ind2="0">
   <subfield code="a">Recordar el Quijote Segunda parte /</subfield>
   <subfield code="c">Nieves Rodríguez Valle, Aurelio González (editores).</subfield>
  </datafield>
  <datafield tag="250" ind1=" " ind2=" ">
   <subfield code="a">Primera edición.</subfield>
  </datafield>
  <datafield tag="264" ind1=" " ind2="1">
   <subfield code="a">Ciudad de México :</subfield>
   <subfield code="b">El Colegio de México, Centro de Estudios Lingüísticos y Literarios, Cátedra Jaime Torres Bodet,</subfield>
   <subfield code="c">2019.</subfield>
  </datafield>
  <datafield tag="300" ind1=" " ind2=" ">
   <subfield code="a">1 recurso en línea (259 páginas) :</subfield>
   <subfield code="b">ilustraciones</subfield>
  </datafield>
  <datafield tag="336" ind1=" " ind2=" ">
   <subfield code="a">texto</subfield>
   <subfield code="b">txt</subfield>
   <subfield code="2">rdacontent/spa</subfield>
  </datafield>
  <datafield tag="337" ind1=" " ind2=" ">
   <subfield code="a">computadora</subfield>
   <subfield code="b">c</subfield>
   <subfield code="2">rdamedia/spa</subfield>
  </datafield>
  <datafield tag="338" ind1=" " ind2=" ">
   <subfield code="a">recurso en línea</subfield>
   <subfield code="b">cr</subfield>
   <subfield code="2">rdacarrier/spa</subfield>
  </datafield>
  <datafield tag="490" ind1="1" ind2=" ">
   <subfield code="a">Cátedra Jaime Torres Bodet</subfield>
  </datafield>
  <datafield tag="504" ind1=" " ind2=" ">
   <subfield code="a">Incluye bibliografía: páginas 243-259.</subfield>
  </datafield>
  <datafield tag="505" ind1="0" ind2=" ">
   <subfield code="t">Introducción --</subfield>
   <subfield code="t">Cosas que calla Cervantes (Quijote, I, 46-52) /</subfield>
   <subfield code="r">Margit Frenk --</subfield>
   <subfield code="t">La memoria de la imagen : una lectura iconográfica del episodio de Clavileño /</subfield>
   <subfield code="r">Karla Xiomara Luna Mariscal --</subfield>
   <subfield code="t">Dos atentados en contra del rey /</subfield>
   <subfield code="r">María Stoopen Galán --</subfield>
   <subfield code="t">&quot;Las cortes de la muerte&quot; y la reconvención narrativa en la Segunda parte del Quijote /</subfield>
   <subfield code="r">Ricardo José Castro García --</subfield>
   <subfield code="t">Vestir en la Segunda parte del Quijote /</subfield>
   <subfield code="r">Aurelio González --</subfield>
   <subfield code="t">Estantiguas cervantinas : una visita de las legiones infernales /</subfield>
   <subfield code="r">Ignacio Padilla --</subfield>
   <subfield code="t">Presencia de Italia (y del italiano) en la Segunda parte del Ingenioso hidalgo don Quijote de la Mancha /</subfield>
   <subfield code="r">Mariapia Lamberti --</subfield>
   <subfield code="t">Retrato a varias manos de Cide Hamete Benengeli y su pluma /</subfield>
   <subfield code="r">Gustavo Illades Aguiar --</subfield>
   <subfield code="t">El arte de contar en el Quijote /</subfield>
   <subfield code="r">Nieves Rodríguez Valle --</subfield>
   <subfield code="t">Los plantos paródicos de Sancho /</subfield>
   <subfield code="r">María José Rodilla --</subfield>
   <subfield code="t">Turpitudo et deformitas : algunas notas sobre la construcción del arte de la burla en la Segunda parte del Quijote y su correspondencia con las teorías clásicas y renacentistas sobre la risa /</subfield>
   <subfield code="r">Raquel Barragán Aroche --</subfield>
   <subfield code="t">Niveles de experiencia en el Quijote /</subfield>
   <subfield code="r">Grissel Gómez Estrada.</subfield>
  </datafield>
  <datafield tag="588" ind1=" " ind2=" ">
   <subfield code="a">Descripción basada en metadatos suministrados por el editor y otras fuentes.</subfield>
  </datafield>
  <datafield tag="590" ind1=" " ind2=" ">
   <subfield code="a">Recurso electrónico. Santa Fe, Arg.: elibro, 2022. Disponible vía World Wide Web. El acceso puede estar limitado para las bibliotecas afiliadas a elibro.</subfield>
  </datafield>
  <datafield tag="600" ind1="1" ind2="4">
   <subfield code="a">Cervantes Saavedra, Miguel de,</subfield>
   <subfield code="d">1547-1616.</subfield>
   <subfield code="t">Don Quijote.</subfield>
   <subfield code="n">Libro 2</subfield>
   <subfield code="x">Crítica e interpretación.</subfield>
  </datafield>
  <datafield tag="600" ind1="1" ind2="4">
   <subfield code="a">Cervantes Saavedra, Miguel de,</subfield>
   <subfield code="d">1547-1616.</subfield>
   <subfield code="t">Don Quijote</subfield>
   <subfield code="x">Crítica e interpretación.</subfield>
  </datafield>
  <datafield tag="600" ind1="1" ind2="0">
   <subfield code="a">Cervantes Saavedra, Miguel de,</subfield>
   <subfield code="d">1547-1616.</subfield>
   <subfield code="t">Don Quixote</subfield>
   <subfield code="x">Criticism and interpretation.</subfield>
  </datafield>
  <datafield tag="655" ind1=" " ind2="4">
   <subfield code="a">Libros electrónicos.</subfield>
  </datafield>
  <datafield tag="700" ind1="1" ind2=" ">
   <subfield code="a">Rodríguez Valle, Nieves,</subfield>
   <subfield code="e">editor.</subfield>
  </datafield>
  <datafield tag="700" ind1="1" ind2=" ">
   <subfield code="a">González, Aurelio,</subfield>
   <subfield code="e">editor.</subfield>
  </datafield>
  <datafield tag="797" ind1="2" ind2=" ">
   <subfield code="a">elibro, Corp.</subfield>
  </datafield>
  <datafield tag="830" ind1=" " ind2="0">
   <subfield code="a">Cátedra Jaime Torres Bodet.</subfield>
  </datafield>
  <datafield tag="856" ind1="4" ind2="0">
   <subfield code="u">https://elibro.net/ereader/unsbiblio/195040</subfield>
  </datafield>
 </record>
</collection>
